| 000 | 00904pam a2200313 a 4500 | ||
|---|---|---|---|
| 001 | 013799960 | ||
| 003 | Uk | ||
| 005 | 20201128021004.0 | ||
| 008 | 090507s2008 xxka gr 001 0 eng | ||
| 010 | _a 2009294425 | ||
| 016 | 7 |
_a013799960 _2Uk |
|
| 020 | _a9780340945919 (pbk.) | ||
| 020 | _a0340945915 (pbk.) | ||
| 040 |
_aStDuBDS _beng _cStDuBDS _dUk |
||
| 050 | 0 | 0 |
_aBF576 _bD36 2007 |
| 082 | 0 | 4 |
_a152.402465 _222 _bDAN |
| 100 | 1 |
_aDann, Jill _934571 |
|
| 245 | 1 | 0 |
_aEmotional intelligence / _cJill Dann. |
| 260 |
_aLondon : _bHodder Education, _c2008. |
||
| 300 |
_axiv, 210 p. : _bill. ; _c20 cm. |
||
| 490 | 0 | _aInstant manager | |
| 500 | _aIndex : p. 207-210. | ||
| 590 | _aBook for the road program. | ||
| 650 | 0 |
_aEmotional intelligence. _94942 |
|
| 650 | 0 |
_aSuccess in business _91390 |
|
| 653 |
_bENG _cDecember2013 |
||
| 655 |
_vreading book _934232 |
||
| 942 |
_2ddc _cBB _k152.402465 DAN |
||
| 999 |
_c17799 _d17771 |
||